000 00286nam a22001337a 4500
008 170406b xxu||||| |||| 00| 0 eng d
020 _a 9780815340935
041 _aeng
080 _a575
100 _a9
101 _aSHM
245 _aTHE IMMUNE SYSTEM
_cPARHAM.P
942 _2udc
_cBK
999 _c10001
_d10001